000 00855nam a22002297a 4500
001 30183
003 UA-OsUOA
005 20220602183611.0
007 ta
008 20041105b un ||||| |||| 00| 0 ukr d
040 _aUA-OsUOA
_brus
_cUA-OsUOA
_dUA-OsUOA
041 _arus
044 _aRU
080 _a929
090 _a929
_bС76
245 _aВладимир Васильевич Стасов
_bматериалы к биографии, описание рукописей
_cсост. Е. Н. Винер, М. В.Кальфа, Б. Л. Кандель
260 _aМосква
_bГосударственное изд-во культурно-просвитительской лит-ры
_c1956
300 _a284 с.
_bІлюстрації
650 7 _a9 Географія. Біографії. Історія
_2UDC
942 _cBK
_2udc
955 _a0
999 _c316590
_d316590